000 00304nam a22001457a 4500
003 SGT
020 _a978-8171336319
082 _bKOT
100 _aKOTPAL, RL
245 _aTHE BIRDS
260 _aNEW DELHI
_bRASTOGI PUBLICATION
_c1999
300 _a327
650 _aAGRICULTURE
942 _2ddc
_cBK
_01
999 _c13784
_d13784